00718 am a2200169 a 450000500170000000800410001702000150005804100080007311000150008124501540009625000110025026000380026130000100029950001940030965300210050365300240052420231221083059.0101006s2000||||ag d f |||| 000 0 spa d a9879823745 aspa1 aAFACIMERA. aFormación de formadores. Metodología docente en Ciencias de la Salud.bT.5 Habilidades profesionales. Enseñanza de procedimientos /cAFACIMERA. a1a ed. aBuenos Aires: bAFACIMERA;c2000. a93 p. aAFACIMERA. (2000) Formación de formadores. Metodología docente en Ciencias de la Salud. T.5 Habilidades profesionales. Enseñanza de procedimientos. (1a ed.). Buenos Aires : AFACIMERA. aCiencias Medicas aFormación docente